Statistics for Iran provinces by clue

Click here to take the quiz!

General Stats

  • This quiz has been taken 15 times
  • The average score is 9 of 12

Answer Stats

hintprovince% Correct
also in Iraq and ...Kurdistan
100%
named after Iran's neighbor ( east )East Azerbaijan
93%
Capital city of IranTehran
93%
named after Iran's neighbor ( west )West Azerbaijan
93%
target of Saddam Husain in Iran Iraq warKhuzestan
87%
smallest province of IranAlborz
73%
means "Persian ( guy )" in PersianFars
73%
capital of King Abbas IIsfahan
73%
a region in present-day in Iran, Afghanistan and PakistanSistan and Baluchestan
73%
Largest province of IranKerman
60%
province of Taq-e BostanKermanshah
47%
shrine of Imam Reza is in this provinceRazavi Khorasan
47%

Score Distribution

Percentile by Number Answered

Percent of People with Each Score

Your Score History

You have not taken this quiz